Fifa 22 Top 25 Right-Backs - Statistics

General Stats
  • This quiz has been taken 182 times
    159 since last reset
  • The average score is 17 of 25
Answer Stats
Rating Club Nation Player % Correct
87 Liverpool England Trent Alexander-Arnold
100%
85 PSG Morocco Achraf Hakimi
97%
85 Manchester City England Kyle Walker
97%
86 Manchester City Portugal Joao Cancelo
95%
85 Real Madrid Spain Daniel Carvajal
94%
84 Atletico Madrid England Kieran Trippier
90%
83 Manchester United England Aaron Wan-Bissaka
88%
81 Chelsea England Reece James
82%
82 Inter Milan Netherlands Denzel Dumfries
79%
83 Piemonte Calcio Colombia Juan Cuadrado
79%
84 Leicester City Portugal Ricardo Pereira
73%
81 Piemonte Calcio Brazil Danilo
70%
84 Sevilla FC Spain Jesus Navas
70%
81 FC Barcelona Spain Sergi Roberto
70%
80 Wolves Portugal Nelson Semedo
65%
80 Ajax Morocco Noussair Mazraoui
58%
80 West Ham United Czech Republic Vladimir Coufal
57%
81 RB Leipzig France Nordi Mukiele
51%
82 CSKA Moscow Russia Mario Fernandes
48%
80 Valencia CF Denmark Daniel Wass
45%
81 AC Milan Italy Alessandro Florenzi
39%
80 Sporting CP Spain Pedro Porro
39%
80 Borussia Monchengladbach Austria Stefan Lainer
33%
81 Latium Italy Manuel Lazzari
32%
80 Athletic Bilbao Spain Ander Capa
21%
No matching quizzes found
Score Distribution
Percent of People with Each Score
Percentile by Number Answered
Your Score History
You have not taken this quiz since the last reset